000
00245 a2200097 4500
001
19004
100
_a
A S M E
245
_a
Intruments & Apparatus Density Diterminations of Solid & Liquids Pt-16
260
_a
_b
A S M E
_c
090
_c
14081
_d
14081
942
_a
NUST-CAE
_c
_c
4538
999
_c
254077
_d
254077